LEADER 01039nam0-22003131i-450- 001 990002010800403321 005 20040615113131.0 035 $a000201080 035 $aFED01000201080 035 $a(Aleph)000201080FED01 035 $a000201080 100 $a20030910d1890----km-y0itay50------ba 101 0 $afre 102 $aFR 105 $ay---a---001yy 200 1 $aContribution a l'etude du cerveau chez les arthropodes tracheates$etheses presentees a la Faculte des Sciences de Paris$fG. Saint Remy 210 $aPoitiers$cTypographie Oudin & Cis$d1890 215 $a276 p.$d25 cm 225 1 $aArchives de Zoologie Experimentale et Generale$hIIme serie$i5 bis (suppl.1887) 610 0 $aArtropodi 676 $a595.2 700 1$aSaint-Remy,$bGeorges-Claude-Antoine$085083 801 0$aIT$bUNINA$gRICA$2UNIMARC 901 $aBK 912 $a990002010800403321 952 $a61 III E.3/03$b924$fDAGEN 959 $aDAGEN 996 $aContribution a l'etude du cerveau chez les arthropodes tracheates$9402428 997 $aUNINA LEADER 02506nam 2200529 450 001 9910461029003321 005 20200520144314.0 010 $a1-84779-808-X 035 $a(CKB)3710000000431670 035 $a(EBL)4705537 035 $a(MiAaPQ)EBC4705537 035 $a(OCoLC)1132683986 035 $a(MdBmJHUP)muse78026 035 $a(Au-PeEL)EBL4705537 035 $a(CaPaEBR)ebr11274210 035 $a(OCoLC)960163164 035 $a(EXLCZ)993710000000431670 100 $a20161013h20122012 uy 0 101 0 $aeng 135 $aur|n|---||||| 181 $2rdacontent 182 $2rdamedia 183 $2rdacarrier 200 10$aPolitical corruption in Ireland 1922-2010 $ea crooked harp? /$fElaine A. Byrne 210 1$aManchester, [England] ;$aNew York, New York :$cManchester University Press,$d2012. 210 4$d©2012 215 $a1 online resource (288 p.) 300 $aDescription based upon print version of record. 311 $a0-7190-8687-6 311 $a0-7190-8688-4 320 $aIncludes bibliographical references and index. 327 $aIntroduction -- Why so little corruption? 1900s-1920s -- Setting standards: 1930s-1940s -- At a crossroads? 1950s-1970s -- Golden circles: 1980-1990s -- The tribunal period: 1990s-2000s -- Political funding and the legislative response: 1980s-2010 -- Political corruption in Ireland: 1922-2010. 330 $aThis book empirically maps the decline in standards since the inauguration of Irish independence in 1922, to the loss of Irish economic sovereignty in 2010. It argues that the definition of corruption is an evolving one. As the nature of the state changes, so too does the type of corruption. New evidence is presented on the early institutional development of the state. Irish public life was motivated by an ethos which rejected patronage. Original research provides fresh insights into how the policies of economic protectionalism and discretionary decision making led to eight Tribunal inquires. 606 $aPolitical corruption$zIreland 607 $aIreland$xPolitics and government$y1949- 607 $aIreland$xPolitics and government$y1922-1949 608 $aElectronic books. 615 0$aPolitical corruption 676 $a941.70824 700 $aByrne$b Elaine A.$01043364 801 0$bMiAaPQ 801 1$bMiAaPQ 801 2$bMiAaPQ 906 $aBOOK 912 $a9910461029003321 996 $aPolitical corruption in Ireland 1922-2010$92468287 997 $aUNINA LEADER 04209 am 2200757 n 450 001 9910131361903321 005 20141224 010 $a2-11-139913-2 035 $a(CKB)3710000000491076 035 $a(FrMaCLE)OB-deps-185 035 $a(oapen)https://directory.doabooks.org/handle/20.500.12854/48075 035 $a(PPN)189313722 035 $a(EXLCZ)993710000000491076 100 $a20150708j|||||||| ||| 0 101 0 $aeng 135 $auu||||||m|||| 181 $ctxt$2rdacontent 182 $cc$2rdamedia 183 $acr$2rdacarrier 200 10$aFrench and American Cultural participation $eElements of comparison, 1981-2008 /$fOlivier Donnat, Angèle Christin 210 $aParis $cDépartement des études, de la prospective et des statistiques$d2014 215 $a1 online resource (16 p.) 330 $aA comparison of the results of these two surveys, which have been published in roughly similar periods since the early 1980s, gives a comparative study of the level of dissemination of cultural practices and their respective public profiles which spans almost three decades. In the early 1980s, the American population, whilst being much more avid consumers of television, had a higher overall level of cultural participation, except in the area of book reading. The profile of cultural consumers in terms of age, sex, level of education and income was fairly similar on both sides of the Atlantic. The changes observed in each country over the course of the following decades are often similar, although they occur later in France (e.g. increasing consumption of television, decreasing book readership, increasing amateur artistic practices). The only main disparity concerns outings to the cinema, theatre and dance performances, for which attendance figures rose in France during the 2000s, at a time when they were showing a marked decline in the USA. Relative changes in the profile of cultural consumers are often similar: we observe an increasingly female and an increasingly older public, whilst reduced participation on the part of the highest-educated has also been seen in both countries, although with a marked disparity between the richest and poorest in the USA which is not seen in France. The French Ministry of Culture and Communication and the US National Endowment of the Arts regularly conduct national surveys (Pratiques culturelles des Français and Public Participation for the Arts) to track changing behaviour in the general population in the fields of culture and media. Le ministère de la Culture et de la Communication français et le National Endowment of the Arts aux États-Unis réalisent régulièrement une enquête nationale (Pratiques culturelles des Français et Public Participation for the Artspour suivre l?évolution des comportements des habitants dans le domaine? 606 $aSociology 606 $aCultural studies 606 $aanalyse comparative 606 $aféminisation 606 $apratiques culturelles 606 $avieillissement des publics 606 $acinéma 606 $aEtats-Unis 606 $aFrance 606 $athéâtre 606 $atélévision 606 $alivre 606 $acultural participation 606 $afeminization 606 $aageing audiences 606 $acomparative analysis 610 $acomparative analysis 610 $afeminization 610 $acultural participation 610 $aageing audiences 615 4$aSociology 615 4$aCultural studies 615 4$aanalyse comparative 615 4$aféminisation 615 4$apratiques culturelles 615 4$avieillissement des publics 615 4$acinéma 615 4$aEtats-Unis 615 4$aFrance 615 4$athéâtre 615 4$atélévision 615 4$alivre 615 4$acultural participation 615 4$afeminization 615 4$aageing audiences 615 4$acomparative analysis 700 $aDonnat$b Olivier$01254951 701 $aChristin$b Angèle$01289855 801 0$bFR-FrMaCLE 906 $aBOOK 912 $a9910131361903321 996 $aFrench and American Cultural participation$93021254 997 $aUNINA LEADER 03314nam 22006255 450 001 9910743294303321 005 20251116152048.0 010 $a9783839469347 010 $a3839469341 024 7 $a10.1515/9783839469347 035 $a(CKB)27997262300041 035 $a(DE-B1597)665246 035 $a(DE-B1597)9783839469347 035 $a(MiAaPQ)EBC7281640 035 $a(Au-PeEL)EBL7281640 035 $a(OCoLC)1397709996 035 $a(ScCtBLL)26857122-ea24-465a-88dd-c7865dcc6a81 035 $a(Perlego)4193120 035 $a(EXLCZ)9927997262300041 100 $a20231201h20232023 fg 101 0 $aeng 135 $aur||||||||||| 181 $ctxt$2rdacontent 182 $cc$2rdamedia 183 $acr$2rdacarrier 200 10$aEcopoetic Place-Making $eNature and Mobility in Contemporary American Poetry /$fJudith Rauscher 205 $a1st ed. 210 1$aBielefeld : $ctranscript Verlag, $d[2023] 210 4$d©2023 215 $a1 online resource (280 p.) 225 0 $aLiterary Ecologies ;$v1 311 08$a9783837669343 327 $tFrontmatter -- $tEditorial -- $tContents -- $tAcknowledgements -- $tIntroduction: Ecopoetic Place-Making in Contemporary American Poetry -- $t1. Decolonizing Environmental Pedagogy: Rerouted Knowledges and Participatory Ecopoetics in the Poetry of Craig Santos Perez -- $t2. Situating Ecological Agency: Anthropocene Subjectivity and Settler Place-Making in the Poetry of Juliana Spahr -- $t3. Lyricizing the Planetary Epic: Genre Mixing and Discrepancies of Scale in Derek Walcott?s Omeros -- $t4. Reimagining Ecological Citizenship: Environmental Nostalgia and Diasporic Intimacy in the Poetry of Agha Shahid Ali -- $t5. Queering Ecological Desire: Post-Mobility and Apocalyptic Environmental Ethics in the Poetry of Etel Adnan -- $tConclusion: Environmental Cultures of Im/Mobility -- $tWorks Cited 330 $aAmerican ecopoetries of migration explore the conflicted relationships of mobile subjects to the nonhuman world and thus offer valuable environmental insight for our current age of mass mobility and global ecological crisis. In Ecopoetic Place-Making, Judith Rauscher analyzes the works of five contemporary American poets of migration, drawing from ecocriticism and mobility studies. The poets discussed in her study challenge exclusionary notions of place-attachment and engage in ecopoetic place-making from different perspectives of mobility, testifying to the potential of poetry as a means of conceptualizing alternative environmental imaginaries for our contemporary world on the move. 410 0$aLiterary Ecologies Series 606 $aLITERARY CRITICISM / American / General$2bisacsh 610 $aAmerican Studies. 610 $aEcology. 610 $aLiterary Studies. 610 $aLiterature. 610 $aMigration. 610 $aMobility. 610 $aNature. 610 $aPlace-Making. 610 $aUnited States. 615 7$aLITERARY CRITICISM / American / General. 676 $a800 686 $aHV 17690$qDE-25/sred23$2rvk 700 $aRauscher$b Judith$4aut$4http://id.loc.gov/vocabulary/relators/aut$00 801 0$bDE-B1597 801 1$bDE-B1597 906 $aBOOK 912 $a9910743294303321 996 $aEcopoetic Place-Making$93656481 997 $aUNINA